| 000 | 00443nam a22001577a 4500 | ||
|---|---|---|---|
| 003 | 0 | ||
| 005 | 20230620133649.0 | ||
| 008 | 230620b xxu||||| |||| 00| 0 eng d | ||
| 020 | _a978-981-09-3990-8 | ||
| 082 |
_aER _b.Bl642 2011 |
||
| 245 |
_aThe aunties three _cBland, Nick |
||
| 260 |
_aNew York _bScholastic, Inc. _cc2011 |
||
| 300 |
_a25pp. _bcol. ill. _c25cm. |
||
| 500 | _aAunts-Pictorial works-Juvenile literature. | ||
| 942 |
_2ddc _cER |
||
| 999 |
_c365058 _d365058 |
||